Issues and quality standards of cross-national criminological surveys: Lessons from the ISRD studies I and II

Saved in:  
Bibliographic Details
Main Author: Enzmann, Dirk 1955- (Author)
Format: Electronic Article
Language:English
Published: European Society of Criminology 2006
In:Enthalten in: 6th Annual Conference of the European Society of Criminology
Online Access: Volltext (lizenzpflichtig)
Check availability: HBZ Gateway
Keywords:

MARC

LEADER 00000caa a22000002c 4500
001 1912599619
003 DE-627
005 20250124055004.0
007 cr uuu---uuuuu
008 241217s2006 xx |||||o 00| ||eng c
035 |a (DE-627)1912599619 
035 |a (DE-599)KXP1912599619 
040 |a DE-627  |b ger  |c DE-627  |e rda 
041 |a eng 
084 |a 2,1  |2 ssgn 
100 1 |a Enzmann, Dirk  |d 1955-  |e VerfasserIn  |0 (DE-588)139508074  |0 (DE-627)611804557  |0 (DE-576)165109793  |4 aut 
109 |a Enzmann, Dirk 1955-  |a Enzmann, D. 1955- 
245 1 0 |a Issues and quality standards of cross-national criminological surveys: Lessons from the ISRD studies I and II 
264 1 |b European Society of Criminology  |c 2006 
336 |a Text  |b txt  |2 rdacontent 
337 |a Computermedien  |b c  |2 rdamedia 
338 |a Online-Ressource  |b cr  |2 rdacarrier 
655 4 |a Konferenzschrift ; 2006 ; Tubingen, Germany 
773 0 8 |i Enthalten in  |t 6th Annual Conference of the European Society of Criminology 
787 0 8 |i Forschungsdaten  |a Enzmann, Dirk  |t Second International Self-Reported Delinquency Study, 2005-2007  |d [Erscheinungsort nicht ermittelbar] : [Verlag nicht ermittelbar], 2015  |w (DE-627)1840046147 
856 4 0 |u https://www.esc-eurocrim.org/images/esc/files/ESC_Conference_Tuebingen_2006.pdf  |x Verlag  |z lizenzpflichtig  |3 Volltext  |7 1 
935 |a mkri 
951 |a AR 
ELC |a 1 
LOK |0 000 xxxxxcx a22 zn 4500 
LOK |0 001 4637565138 
LOK |0 003 DE-627 
LOK |0 004 1912599619 
LOK |0 005 20241217044627 
LOK |0 008 241217||||||||||||||||ger||||||| 
LOK |0 035   |a (DE-2619)ICPSR129434 
LOK |0 040   |a DE-2619  |c DE-627  |d DE-2619 
LOK |0 092   |o n 
LOK |0 852   |a DE-2619 
LOK |0 852 1  |9 00 
LOK |0 935   |a uvkn  |a nacp 
LOK |0 939   |a 17-12-24  |b l01 
ORI |a SA-MARC-krimdoka001.raw